| 000 | 01120nabaa22002297a 4500 | ||
|---|---|---|---|
| 999 |
_c6183 _d6183 |
||
| 003 | OSt | ||
| 005 | 20260125002718.0 | ||
| 008 | 190701b xxu||||| |||| 00| 0 spa d | ||
| 040 | _cPJ | ||
| 100 |
_95687 _aFiol, Gerardo |
||
| 245 | 1 | 3 |
_aEl derecho urbanístico, el ius aedificandi y la estabilidad del acto administrativo que autoriza a construir / _cGerardo Fiol. |
| 300 | _ap. 95-111 | ||
| 500 | _aCita: TR LALEY AR/DOC/1654/2024 | ||
| 505 | _aSumario: I. Introducción.— II. El ius aedificandi. Concepto y naturaleza jurídica.— III. Autorización para edificar.— IV. Estabilidad del acto administrativo de autorización para edificar y la potestad revocatoria de la administración.— V. Palabras finales. | ||
| 505 | _t¿Te interesa el texto completo? Comunicate al correo: koha@justierradelfuego.gov.ar | ||
| 650 | 0 |
_9211 _aDERECHO ADMINISTRATIVO |
|
| 650 | 0 |
_aADMINISTRACION PUBLICA _9877 |
|
| 650 | 0 |
_aIUS VARIANDI _91344 |
|
| 650 | 0 | _aURBANISMO | |
| 773 | 0 |
_02842 _93251 _dBuenos Aires : AbeledoPerrot, 2012- _oDA121 _tDerecho administrativo. Nº 154 julio/agosto 2024 _z18510590 |
|
| 942 |
_2udc _cANA |
||